书目信息 |
| 题名: |
学前儿童卫生学
|
|
| 作者: | 朱家雄 编著 | |
| 分册: | ||
| 出版信息: | 上海 华东师范大学出版社 1999 |
|
| 页数: | 305页 | |
| 开本: | 20cm | |
| 丛书名: | ||
| 单 册: | ||
| 中图分类: | R175 | |
| 科图分类: | ||
| 主题词: | 学前儿童--儿童少年卫生 , 学前儿童 , 儿童少年卫生 | |
| 电子资源: | ||
| ISBN: | 7-5617-2102-1 | |
| 000 | 00645nam0 2200229 45 | |
| 001 | 1562110764 | |
| 005 | 20150130171548.59 | |
| 010 | @a7-5617-2102-1@dCNY10.00 | |
| 100 | @a20001115e20041999em y0chiy0121 ea | |
| 101 | 0 | @achi |
| 102 | @aCN@b310000 | |
| 105 | @aak z 000yy | |
| 200 | 1 | @a学前儿童卫生学@Axue qian er tong wei sheng xue@f朱家雄等编著 |
| 210 | @a上海@c华东师范大学出版社@d1999@h2004重印 | |
| 215 | @a305页@c图@d20cm | |
| 606 | 0 | @a学前儿童@x儿童少年卫生 |
| 606 | 0 | @a学前儿童 |
| 606 | 0 | @a儿童少年卫生 |
| 690 | @aR175@v4 | |
| 701 | 0 | @a朱家雄@Azhu jia xiong@4编著 |
| 801 | 0 | @aCN@bTSSF@c20150130 |
| 905 | @aZUCC@dR175@eJY223 | |
| 学前儿童卫生学/朱家雄等编著.-上海:华东师范大学出版社,1999(2004重印) |
| 305页:图;20cm |
| ISBN 7-5617-2102-1:CNY10.00 |
| ● |
| 相关链接 |
|
|
|
|
正题名:学前儿童卫生学
索取号:R175/JY223
 
预约/预借
| 序号 | 登录号 | 条形码 | 馆藏地/架位号 | 状态 | 备注 |
| 1 | 7862325 | 278623250 | 学院路分馆/ [索取号:R175/JY223] | 在馆 | |
| 2 | 7862326 | 278623269 | 学院路分馆/ [索取号:R175/JY223] | 在馆 | |
| 3 | 7862327 | 278623278 | 学院路分馆/ [索取号:R175/JY223] | 在馆 | |
| 4 | 7862328 | 278623287 | 学院路分馆/ [索取号:R175/JY223] | 在馆 |